Quiz Zen Saison 1 - Statistiques

Statistiques générales
  • Ce quiz a été pris 10 fois
  • Le résultat moyen est 3 sur 12
Statistiques - réponses
Question Réponse % Correct
Quel est le prénom de Grimkujow ? Mathis
70%
Qui était le co-animateur qui présenté la toute première émission (Hors-Série) ? YassEncore
70%
De quelle ville est originaire Maxime ? Bastia
60%
De quel pays Grim serait originaire ? Cameroun
60%
Quel est le nom du combattant de catch joué par Billy/RebeuDeter ? El Tigre
20%
Quel rappeur vient faire un show pour clore la dernière émission ? winnterzuko
10%
Qui joue le rôle du policier qui arrête Freddy, Maxime et Grim en pleine émission ? Anis Rhali
0%
Comment se nommait le jeu final de l'émission qui mettait en jeu le ban de la chaîne ? Ban Mystère
0%
Pour qui ont voté Maxime et Grim au premier tour des élections présidentielles de 2022 ? Jean-Luc Mélenchon(LFI)
0%
Comment commence l'émission avec Joyca ? Ligotés, en lieu inconnu
0%
Que faisaient les invités et animateurs en fin d'émission, souvent à partir d'un thème absurde ? Tierlist
0%
Qui se trouve dans la limousine avec Mehdi Maïzi et les deux animateurs ? ZZCC
0%
Aucun quiz correspondant
Distribution des résultats
% des personnes avec chaque résultat
Percentile par nombre de réponses
Votre historique - résultats
Vous n’avez pas pris ce quiz